书目信息 |
| 书名: | The oil factor | |
| 作者: | Stephen Leeb | |
| 分册号: | ||
| 分册名: | 出版地: | New York |
|
| 出版社: | Business plus | |
| 出版时间: | 2004 | |
| 页数: | 293p | |
| 开本: | 16cm | |
| 丛书名: | ||
| 中图分类号: | ||
| 科图分类号: | ||
| 其他分类号: | F171.2 | |
| 主题词: | ||
| 电子资源: | ||
| 000 | 00383nam0 2200145 450 | |
| 001 | 202012197069 | |
| 005 | 20121107145449.0 | |
| 008 | 20010101s | |
| 020 | @a978-0-446-54343-9@c$7.99 | |
| 099 | @dF171.2@eS828 | |
| 245 | 10 | @a The oil factor@cStephen Leeb |
| 260 | 0 | @aNew York @bBusiness plus @c2004 |
| 300 | @a293p@c16cm | |
| 905 | @b7038-9 | |
| 905 | @aTSG@dF171.2@eS828 | |
| The oil factor / Stephen Leeb.-New York : Business plus , 2004 |
| 293p ; 16cm |
| ISBN 978-0-446-54343-9$7.99 |
| ● |
| 相关链接 |
|
|
|
正题名:The oil factor
索取号:F171.2/S828
 
预约/预借
| 序号 | 登录号 | 条形码 | 馆藏地/架位号 | 状态 | 备注 |
| 1 | 7038 | 300070385 | 社科库409/400A自科库 35排1列2层/ [索取号:F171.2/S828] | 在馆 | |
| 2 | 7039 | 300070394 | 社科库409/400A自科库 35排1列2层/ [索取号:F171.2/S828] | 在馆 |